Panchayat system in india : (Record no. 9712)

MARC details
000 -LEADER
fixed length control field 00622cam a2200205ua 4500
001 - CONTROL NUMBER
control field 10757
005 - DATE AND TIME OF LATEST TRANSACTION
control field 20260515114646.0
008 - FIXED-LENGTH DATA ELEMENTS--GENERAL INFORMATION
fixed length control field 190401n ii |||gr||||Z||||||eng
020 ## - INTERNATIONAL STANDARD BOOK NUMBER
International Standard Book Number 8173912815
040 ## - CATALOGING SOURCE
Transcribing agency MAIN
082 ## - DEWEY DECIMAL CLASSIFICATION NUMBER
Classification number 320.8
245 ## - TITLE STATEMENT
Title Panchayat system in india :
Remainder of title Historical, constitutional and financial analysis /
Statement of responsibility, etc. Ed by Ratna Ghosh and Alok Kumar Pramanik .
250 ## - EDITION STATEMENT
Edition statement 2nd ed.
260 ## - PUBLICATION, DISTRIBUTION, ETC.
Place of publication, distribution, etc. New Delhi:
Name of publisher, distributor, etc. Kanishka publishers, distributors,
Date of publication, distribution, etc. 2007.
300 ## - PHYSICAL DESCRIPTION
Extent 244p.
653 ## - INDEX TERM--UNCONTROLLED
Uncontrolled term Political science
700 ## - ADDED ENTRY--PERSONAL NAME
Personal name Ratna Ghosh,
Relator term Author.,
700 ## - ADDED ENTRY--PERSONAL NAME
Personal name Alok Kumar Pramanik,
Relator term Author.,
942 ## - ADDED ENTRY ELEMENTS (KOHA)
Koha item type Books
Holdings
Withdrawn status Lost status Damaged status Not for loan Home library Current library Shelving location Date acquired Total checkouts Full call number Barcode Date last seen Copy number Price effective from Koha item type
        Naharkatiya College Library Naharkatiya College Library General stacks 09/19/2020   320.8Panchayat system in india | GHO 25212 09/19/2020 1 09/19/2020 Books